Yerel yönetimler ve GAP Sempozyumu / (Kayıt no. 10193)

MARC ayrıntıları
000 -BAŞLIK
Sabit Uzunluktaki Kontrol Alanı 00657nam a22001937a 4500
003 - KONTROL NUMARASI KİMLİĞİ
Kontrol Alanı KOHA_MİRAKIL
005 - EN SON İŞLEM TARİHİ ve ZAMANI
Kontrol Alanı 20260408085416.0
008 - SABİT UZUNLUKTAKİ VERİ ÖGELERİ - GENEL BİLGİ
Sabit Alan 260408b tu ||||| |||| 00| 0 tur d
040 ## - KATALOGLAMA KAYNAĞI
Özgün Kataloglama Kurumu TR-AnABB
Kataloglama Dili tur
Çeviri Kurumu TR-AnABB
041 ## - DİL KODU
Metin ya da ses kaydının dil kodu tur
082 ## - DEWEY ONU SINIFLAMA SİSTEMİ
Sınıflama Numarası 352.007209564
Cutter numarası YER 1993
111 2# - TOPLANTI ADI
Toplantı Adı Yerel yönetimler ve GAP Sempozyumu
Toplantı Tarihi (1993 :
Toplantı Yeri Mardin, Şanlıurfa)
245 10 - ESER ADI BİLDİRİMİ
Başlık Yerel yönetimler ve GAP Sempozyumu /
Sorumluluk Bildirimi Hazırlayan: Ahmet Özer
260 ## - YAYIN, DAĞITIM, VB.
Yayın Yeri Ankara :
Yayınevi [yayl. y.] ,
Yayın Tarihi [199?]
300 ## - FİZİKSEL TANIMLAMA
Sayfa, Cilt vb. 166 sayfa :
Diğer fiziki detaylar resimli ;
Boyutları 20 cm
650 00 - KONU BAŞLIĞI EK GİRİŞ - KONU TERİMİ
Konusal terim veya coğrafi ad Yerel Yönetimler, Türkiye
650 00 - KONU BAŞLIĞI EK GİRİŞ - KONU TERİMİ
Konusal terim veya coğrafi ad Yerel Yönetimler, Türkiye, GAP
942 ## - EK GİRİŞ ÖGELERİ (KOHA)
Sınıflama Kaynağı Dewey Decimal Classification
Materyal Türü Kitap
900 ## - YEREL BİLGİ
Kontrol Can ÇELIK
111 2# - TOPLANTI ADI
-- 3340
Mevcut
Geri Çekilme Durumu Kayıp Durumu Sınıflandırma Kaynağı Kredi için değil Kalıcı Konum Mevcut Konum Kayıt Tarih Toplam Ödünçverme Yer Numarası Demirbaş Numarası Son Görülme Tarihi Fatura Tarihi Materyal Türü
    Dewey Decimal Classification   Prof. Dr. Ruşen Keleş Kütüphanesi Prof. Dr. Ruşen Keleş Kütüphanesi 08/04/2026   352.007209564 YER 1993 RK7015 08/04/2026 08/04/2026 Kitap